00369nam a2200145Ia 4500003000400000005001700004008004100021020001800062040002900080100001800109245004400127260003100171260000900202546001200211OSt20240213111048.0170619s9999 xx 000 0 und d a9781107664531 cIIMT ENGINEERING COLLEGE aHeracleous- L 0aCrafiting Strategy Embodied in Practice bCambridge University Press c2011 aENGLISH